[Event "CZE-ch U10 Girls"]
[Site "Teplice"]
[Date "2023.03.13"]
[Round "3"]
[White "Junova, Alexandra"]
[Black "Melicharova, Veronika"]
[Result "1-0"]
[WhiteElo "1115"]
[BlackElo "1000"]
[PlyCount "119"]
[EventDate "2023.03.11"]
[EventType "swiss"]
[EventRounds "9"]
[EventCountry "CZE"]
[SourceTitle "CBM 213 Extra"]
[Source "ChessBase"]
[SourceDate "2023.05.31"]
[SourceVersion "1"]
[SourceVersionDate "2023.05.31"]
[SourceQuality "1"]

1. e4 d5 2. exd5 Qxd5 3. Nc3 Qd6 4. Nf3 c6 5. h3 Nf6 6. d3 Bf5 7. Be2 e6 8. a3 Be7 9. g4 Bg6 10. Be3 Nbd7 11. Qd2 0-0-0 12. 0-0-0 Kb8 13. d4 Ne4 14. Nxe4 Bxe4 15. Bf4 e5 16. Nxe5 Qd5 17. Nxc6+ Ka8 18. Nxe7 Qa2 19. Qe3 Bxh1 20. Kd2 Bc6 21. Bf3 Bxf3 22. Qxf3 Qxb2 23. Nf5 Nb6 24. Ke1 Rhe8+ 25. Kf1 Qxc2 26. Nd6 Re7 27. Nf5 Re4 28. Rc1 Rxf4 29. Qxf4 Qd3+ 30. Kg2 g6 31. Nh4 Rxd4 32. Qe5 Qe4+ 33. Nf3 Qxe5 34. Nxe5 f6 35. Nf7 a5 36. Kg3 Rd3+ 37. f3 Rxa3 38. Rd1 a4 39. Rd8+ Ka7 40. Nd6 Ka6 41. Rh8 Rb3 42. Ne4 a3 43. Nc5+ Kb5 44. Nxb3 Kb4 45. Na1 Kc3 46. Re8 Kb2 47. Re1 Nd5 48. f4 Nb4 49. Rf1 Nc2 50. Nxc2 Kxc2 51. h4 b5 52. f5 gxf5 53. g5 b4 54. gxf6 b3 55. f7 b2 56. f8Q a2 57. Qc8+ Kb3 58. Rf3+ Kb4 59. Rf4+ Kb3 60. Qc4+ 1-0

[Event "CZE-ch U10 Girls"]
[Site "Teplice"]
[Date "2023.03.12"]
[Round "2"]
[White "Ulsbold, Nandin"]
[Black "Junova, Alexandra"]
[Result "0-1"]
[WhiteElo "1000"]
[BlackElo "1115"]
[PlyCount "76"]
[EventDate "2023.03.11"]
[EventType "swiss"]
[EventRounds "9"]
[EventCountry "CZE"]
[SourceTitle "CBM 213 Extra"]
[Source "ChessBase"]
[SourceDate "2023.05.31"]
[SourceVersion "1"]
[SourceVersionDate "2023.05.31"]
[SourceQuality "1"]

1. e4 e5 2. d4 Qe7 3. d5 Nf6 4. Nc3 Qd8 5. Nf3 Bb4 6. g3 Nxe4 7. Bd2 Bxc3 8. bxc3 d6 9. Bg2 Bg4 10. 0-0 Nd7 11. Be3 Nxc3 12. Bd4 Nxd1 13. Raxd1 exd4 14. Rfe1+ Ne5 15. Nxe5 dxe5 16. Rxd4 0-0 17. Rxg4 Re8 18. Ree4 g6 19. Rh4 Qxd5 20. Reg4 Qd1+ 21. Bf1 h5 22. Rg5 Kf8 23. Kg2 e4 24. Rf4 Rad8 25. Bc4 Rd7 26. Bb5 c6 27. Ba4 e3 28. Bb3 Rd2 29. Rxf7+ Kg8 30. Rxg6+ Kh8 31. Rgg7 Rxf2+ 32. Kh3 Rxf7 33. Rxf7 Qg4+ 34. Kg2 e2 35. Rf6 e1N+ 36. Kg1 Nf3+ 37. Kg2 Re2+ 38. Kh1 Rxh2# 0-1